000 00342nam a22001577a 4500
020 _a81-8204-012-4
082 _a658.3
_bSIN
100 _aSINGH, R.K
245 _aFONT OFFICE MANAGEMENT
250 _a1ST
260 _aDELHI
_bAMAN
_c2010
300 _a255
650 _aOFFICE MANAGEMENT
653 _aOFFICE, FRONT
942 _2ddc
_cBK
_04
999 _c8035
_d8035